[Event "Goch op 26th"]
[Site "Goch"]
[Date "2015.09.06"]
[Round "7"]
[White "Padva, Leo"]
[Black "Melde, Benjamin"]
[Result "1-0"]
[WhiteElo "1856"]
[BlackElo "1656"]
[PlyCount "73"]
[EventDate "2015.09.03"]
[EventType "swiss"]
[EventRounds "7"]
[EventCountry "GER"]
[SourceTitle "EXT 2018"]
[Source "ChessBase"]
[SourceDate "2017.10.13"]
[SourceVersion "1"]
[SourceVersionDate "2017.10.13"]
[SourceQuality "1"]

1. e4 c5 2. Nf3 d6 3. c3 Nf6 4. Qc2 Nc6 5. d4 cxd4 6. cxd4 Bd7 7. Nc3 g6 8. Bc4 Bg7 9. d5 Na5 10. Bd3 0-0 11. b4 Rc8 12. Bb2 Nc4 13. Bxc4 Rxc4 14. Qb3 Rc8 15. 0-0 Qb6 16. a4 a5 17. b5 Ng4 18. Rac1 Rc7 19. Ne2 Rxc1 20. Nxc1 Nf6 21. Nd2 Rc8 22. Nd3 e6 23. Rc1 Rxc1+ 24. Bxc1 exd5 25. exd5 Qd4 26. Bb2 Qxd5 27. Bxf6 Qxb3 28. Nxb3 Bxf6 29. Nxa5 Bc8 30. Nf4 Bc3 31. Nc4 Bb4 32. a5 g5 33. Nd5 Be6 34. Nxb4 Bxc4 35. a6 bxa6 36. b6 a5 37. b7 1-0

[Event "Goch op 26th"]
[Site "Goch"]
[Date "2015.09.05"]
[Round "4"]
[White "Aymans, Rainer"]
[Black "Melde, Benjamin"]
[Result "1/2-1/2"]
[WhiteElo "1865"]
[BlackElo "1656"]
[PlyCount "100"]
[EventDate "2015.09.03"]
[EventType "swiss"]
[EventRounds "7"]
[EventCountry "GER"]
[SourceTitle "EXT 2018"]
[Source "ChessBase"]
[SourceDate "2017.10.13"]
[SourceVersion "1"]
[SourceVersionDate "2017.10.13"]
[SourceQuality "1"]

1. Nf3 d5 2. c4 c6 3. cxd5 cxd5 4. g3 Nc6 5. Bg2 e5 6. d3 Bd6 7. 0-0 Nge7 8. a3 0-0 9. b4 f5 10. Bb2 h6 11. Nbd2 e4 12. Nd4 Be5 13. N2b3 b6 14. b5 Nxd4 15. Bxd4 Bxd4 16. Nxd4 Qd7 17. e3 Bb7 18. Qb3 Kh8 19. Rac1 Rac8 20. Qb1 Qd6 21. dxe4 dxe4 22. Rc2 Rxc2 23. Qxc2 Qxa3 24. Qc7 Bd5 25. Nc2 Qc5 26. Qxa7 Rd8 27. Nd4 Qd6 28. Rc1 Rd7 29. Qa1 Rc7 30. Bh3 Rxc1+ 31. Qxc1 g6 32. Bf1 Qc5 33. Qa1 Kg8 34. Qa7 Kf7 35. Kg2 Kf6 36. Qb8 Kg7 37. Qe5+ Kf7 38. h3 h5 39. g4 hxg4 40. hxg4 Ba2 41. Qf4 Kf6 42. gxf5 gxf5 43. Be2 Ng6 44. Qh6 f4 45. Bh5 Bf7 46. Bxg6 f3+ 47. Kh3 Bxg6 48. Qf4+ Ke7 49. Nc6+ Ke6 50. Nd4+ Ke7 1/2-1/2